| 000 | 00607nam a2200181 a 4500 | ||
|---|---|---|---|
| 005 | 20240924064327.0 | ||
| 008 | 991125s1976 mx 000 0 spa u | ||
| 035 | _aUPN01000004753 | ||
| 049 | _aCG | ||
| 050 | 4 |
_aLB2806 _bQ758 1976 |
|
| 245 | 0 | 0 |
_aAspectos cualitativos de la planificación educativa / _cpreparado en inglés por C. E. Beeby ; tr. Irma Arellano Alatriste. |
| 260 |
_aMéxico : _bAvante, _c1976. |
||
| 300 | _a315 p. | ||
| 650 | 4 |
_aEducación _xPlanificación _91146 |
|
| 650 | 4 |
_aEDUCACION - _xVALORACION _917542 |
|
| 700 | 1 |
_aBeeby, Clarence Edward, _d1902-1998 _ecomp. _931449 |
|
| 905 | _aLibro | ||
| 999 |
_c4753 _d4753 |
||